000 00236nam a22001097a 4500
008 160519b xxu||||| |||| 00| 0 eng d
020 _a0878574875
041 _aeng
080 _a61
245 _aFighting disease:
_cDis;
942 _2udc
_cBK
999 _c2225
_d2225